00651nam a2200193Ia 450000500170000000800410001702000250005804000190008304100120010208200190011424501750013325000120030826000430032030000120036350400320037565000190040770000210042685000100044720221122094337.0131103s9999 xx 000 0 und d a192811037cGBP 29881 aLoreto College aEnglish a821.7bWOR-MOO aJournals of Dorothy Wordsworthb the Alfoxden journal 1798 : the Grasmere journals 1800 - 1830cWith an introduction by Helen Darbishire; second edition by Mary Moorman a2nd ed. aOxford bOxford University Pressc1985 a232 p.  aIncludes appendix and index aEnglish Poetry aDarbishire,Helen aLCLIB